00507nam a2200193 a 4500001001300000003000900013005001700022008004100039020002300080082001300103100001900116245006800135260002400203300000900227500003500236505001000271650001300281700001900294nice12345678IN_TiNIC20260116012812.0050524s1985 gena grp 000 0 eng  a2825412 c10000a266bCAS aCastro, Emilio aSent Freeb Mission and Unity in the Perspective of the Kingdom aGeneva bWCC c1985 a102p aincludes index and biblioraphy2 aIndex aMissions1 aCastro, Emilio